|
|
|
|
| LEADER |
00000nlm0a2200000 4500 |
| 001 |
115172 |
| 005 |
20231101215236.0 |
| 035 |
|
|
|a (RuTPU)RU\TPU\book\124556
|
| 090 |
|
|
|a 115172
|
| 100 |
|
|
|a 20070504d2007 k y0rusy50 ca
|
| 101 |
0 |
|
|a rus
|
| 102 |
|
|
|a RU
|
| 105 |
|
|
|a a dm 001zy
|
| 135 |
|
|
|a drbn ---uucaa
|
| 181 |
|
0 |
|a i
|
| 182 |
|
0 |
|a b
|
| 200 |
1 |
|
|a Повышение режущих свойств резцов с СМП за счет управления теплообменом в зоне резания
|b Электронный ресурс
|e автореферат диссертации на соискание ученой степени кандидата технических наук
|f А. В. Проскоков
|g Томский политехнический университет; Юргинский технологический институт (филиал); науч. рук. С. И. Петрушин
|
| 203 |
|
|
|a Текст
|c электронный
|
| 210 |
|
|
|a Томск
|c [Б. и.]
|d 2007
|
| 215 |
|
|
|a 1 файл (822 Kb)
|
| 230 |
|
|
|a Электронные текстовые данные (1 файл : 822 Kb)
|
| 300 |
|
|
|a Заглавие с титульного экрана
|
| 300 |
|
|
|a Электронная версия печатной публикации
|
| 337 |
|
|
|a Adobe Reader
|
| 452 |
|
1 |
|0 (RuTPU)RU\TPU\book\123696
|t Повышение режущих свойств резцов с СМП за счет управления теплообменом в зоне резания
|o автореферат диссертации на соискание ученой степени кандидата технических наук
|o спец. 05.03.01
|f А. В. Проскоков
|g Томский политехнический университет; Юргинский технологический институт (филиал); науч. рук. С. И. Петрушин
|c Томск
|n Б.и.
|d 2007
|p 16 с.
|a Проскоков, Андрей Владимирович
|
| 610 |
1 |
|
|a режущие инструменты
|
| 610 |
1 |
|
|a резцы
|
| 610 |
1 |
|
|a режущие свойства
|
| 610 |
1 |
|
|a металлы
|
| 610 |
1 |
|
|a механическая обработка
|
| 610 |
1 |
|
|a теплообмен
|
| 610 |
1 |
|
|a температура
|
| 610 |
1 |
|
|a расчет
|
| 610 |
1 |
|
|a исходные данные
|
| 610 |
1 |
|
|a рабочие поверхности
|
| 610 |
1 |
|
|a температурные поля
|
| 610 |
1 |
|
|a экспериментальные исследования
|
| 610 |
1 |
|
|a лезвия
|
| 610 |
1 |
|
|a сменные многогранные пластины
|
| 610 |
1 |
|
|a конструирование
|
| 610 |
1 |
|
|a авторефераты диссертаций
|
| 610 |
1 |
|
|a труды учёных ТПУ
|
| 610 |
1 |
|
|a электронный ресурс
|
| 675 |
|
|
|a 621.9.025(04)
|v 3
|
| 686 |
|
|
|a 05.03.01
|2 oksvnk
|
| 700 |
|
1 |
|a Проскоков
|b А. В.
|c специалист в области машиностроения
|c доцент Юргинского технологического института (филиала) Томского политехнического университета, кандидат технических наук
|f 1977-
|g Андрей Владимирович
|2 stltpush
|3 (RuTPU)RU\TPU\pers\24240
|9 10726
|
| 702 |
|
1 |
|a Петрушин
|b С. И.
|c специалист в области машиностроения
|c профессор Юргинского технологического института (филиала) Томского политехнического университета, доктор технических наук
|f 1949-
|g Сергей Иванович
|2 stltpush
|3 (RuTPU)RU\TPU\pers\24235
|4 727
|9 10721
|
| 712 |
0 |
2 |
|a Томский политехнический университет
|2 stltpush
|3 (RuTPU)RU\TPU\col\376
|
| 712 |
0 |
2 |
|a Юргинский технологический институт (филиал)
|
| 801 |
|
1 |
|a RU
|b 63413507
|c 20070504
|g PSBO
|
| 801 |
|
2 |
|a RU
|b 63413507
|c 20151112
|g RCR
|
| 856 |
4 |
|
|u http://www.lib.tpu.ru/fulltext/a/2007/12.pdf
|
| 942 |
|
|
|c CF
|